UBT Library

The UN role in promoting democracy : (Record no. 822)

000 -LEADER
fixed length control field 00529nam a22001577a 4500
008 - FIXED-LENGTH DATA ELEMENTS--GENERAL INFORMATION
fixed length control field 150519b xxu||||| |||| 00| 0 eng d
020 ## - INTERNATIONAL STANDARD BOOK NUMBER
International Standard Book Number 9789280811049
041 0# - LANGUAGE CODE
Language code of text/sound track or separate title ENG
245 00 - TITLE STATEMENT
Title The UN role in promoting democracy :
Statement of responsibility, etc edited by Edward Newman and Roland Rich.
260 ## -
-- Tokyo ;
-- New York :
-- United Nations University Press,
-- c2004.
300 ## -
-- 357 f
-- 24 cm.
650 #0 -
-- Democratization
-- Case studies.
700 ## -
-- Newman, Edward,
-- 1970-
700 ## -
-- Rich, Roland.
942 ## - ADDED ENTRY ELEMENTS (KOHA)
Source of classification or shelving scheme
Item type Books
Holdings
Withdrawn status Lost status Source of classification or shelving scheme Damaged status Not for loan Collection code Permanent location Current location Shelving location Date acquired Total Checkouts Full call number Barcode Date last seen Koha item type Price effective from
          Koleksioni i përgjithshem UBT - Lipjan UBT - Lipjan Koleksioni i përgjithshem 05/19/2015   321 NEW 002-007656 05/19/2015 Books  
          Koleksioni i përgjithshem UBT - Lipjan UBT - Lipjan Koleksioni i përgjithshem 09/23/2015   321 NEW 002-007655 09/23/2015 Books 09/23/2015
          Koleksioni i përgjithshem UBT - Lipjan UBT - Lipjan Koleksioni i përgjithshem 09/23/2015   321 NEW 002-007664 09/23/2015 Books 09/23/2015
          Koleksioni i përgjithshem UBT - Lipjan UBT - Lipjan Koleksioni i përgjithshem 09/23/2015   321 NEW 002-007663 09/23/2015 Books 09/23/2015
          Koleksioni i përgjithshem UBT - Lipjan UBT - Lipjan Koleksioni i përgjithshem 12/08/2015   321 NEW 002-008691 12/08/2015 Books 12/08/2015
          Koleksioni i përgjithshem UBT - Lipjan UBT - Lipjan Koleksioni i përgjithshem 12/08/2015   321 NEW 002-008758 12/08/2015 Books 12/08/2015
          Koleksioni i përgjithshem UBT - Lipjan UBT - Lipjan Koleksioni i përgjithshem 06/07/2017   327 NEW 002-289332 06/07/2017 Books 06/07/2017
          Koleksioni i përgjithshem UBT - Lipjan UBT - Lipjan Koleksioni i përgjithshem 06/07/2017   327 NEW 002-289331 06/07/2017 Books 06/07/2017
          Koleksioni i përgjithshem UBT - Lipjan UBT - Lipjan Koleksioni i përgjithshem 06/07/2017   327 NEW 002-289333 06/07/2017 Books 06/07/2017
          Koleksioni i përgjithshem UBT - Lipjan UBT - Lipjan Koleksioni i përgjithshem 06/07/2017   327 NEW 002-289339 06/07/2017 Books 06/07/2017
          Koleksioni i përgjithshem UBT - Lipjan UBT - Lipjan Koleksioni i përgjithshem 06/07/2017   327 NEW 002-289338 06/07/2017 Books 06/07/2017
          Koleksioni i përgjithshem UBT - Lipjan UBT - Lipjan Koleksioni i përgjithshem 06/07/2017   327 NEW 002-289337 06/07/2017 Books 06/07/2017
          Koleksioni i përgjithshem UBT - Lipjan UBT - Lipjan Koleksioni i përgjithshem 06/07/2017   327 NEW 002-289336 06/07/2017 Books 06/07/2017
          Koleksioni i përgjithshem UBT - Lipjan UBT - Lipjan Koleksioni i përgjithshem 06/08/2017   327 NEW 002-290331 06/08/2017 Books 06/08/2017
UBT Library © 2015-2024. All rights reserved University Education for Business and Technology